MDQL
is popping MORE tags! Check the
thread
!
Quizzes
Events
Quiz Creation
Community
Videos
Private Events
Remove Ads
Sign In
Join for FREE
Feedback
Dark Mode
Quiz Categories
Sports
Geography
Music
Movies
Television
Just For Fun
Miscellaneous
History
Literature
Language
Science
Gaming
Entertainment
Religion
Holiday
For Kids
Quiz Lab
Recent
Popular Today
Quiz Kudos Today
Editor Picks
Curator Picks
Quizzes by...
Day
Popularity
Type
Ratings
Length
Year
Community
Subscriptions
Recent Discussions
Orange Saloon
Badges
Playlists
Quests
Create
Leaderboards
Showdown
Live 5
Trivia Bingo
Activity
Puzzle Library
Sporcle Events
Private Events
Virtual Trivia
Globe League
Become a Host
Pub Owners
SporcleCon
Opinionation
Our Games
Videos
Blog
Mobile Apps
Partnerships
Remove Ads and Go Orange
Feedback
Television
TV Characters
TV Show
Sitcom
Network
Friends
Reality Shows
Cast
South Park
Star Trek
The Simpsons
Doctor Who
Television
TV Characters
TV Show
Sitcom
Network
Friends
Reality Shows
Cast
South Park
Star Trek
The Simpsons
Doctor Who
Random Quiz
Search Sporcle
×
Quiz Lab
Quiz Lab
Television
Actor
Type in answers that appear in a list
Type in answers that appear in a list
Classic
Best Score? Go Orange.
Glee actors and their characters Stats
Can you name the characters who these actors play in the TV show Glee?
By
tpres77
7m
30 Questions
561 Plays
561 Plays
561 Plays
Comments
Comments
Give Quiz Kudos
Give Quiz Kudos
-
- Ratings
hide this ad
Replay
Link that replays current quiz
Next Quiz
Link to next quiz in quiz playlist
You Got
0%
They Got
Avg Score
84%
Avg Friend Score
Upgrade to see
Score Distribution
Jump to the score distribution portion of the page
Score
0/30
Timer
07:00
0
Plays Today
Actor
Character
% Correct
Jane Lynch
Sue Sylvester
98.8%
Kevin McHale
Artie Abrams
96.6%
Dianna Agron
Quinn Fabray
96.6%
Mark Salling
Noah Puckerman
95.4%
Amber Riley
Mercedes Jones
95%
Lea Michele
Rachel Berry
94.1%
Naya Rivera
Santana Lopez
93.4%
Jayma Mays
Emma Pillsbury-Howell
92.2%
Chris Colfer
Kurt Hummel
90.9%
Cory Monteith
Finn Hudson
90.7%
Jenna Ushkowitz
Tina Cohen-Cheng
89.7%
Matthew Morrison
Will Schuester
89.7%
Darren Criss
Blaine
88.8%
Iqbal Theba
Principal Figgins
88.6%
Mike O'Malley
Burt Hummel
88.1%
Actor
Character
% Correct
Heather Morris
Brittany Pierce
87.9%
Jonathan Groff
Jesse St. James
87.7%
Chord Overstreet
Sam Evans
87.5%
Idina Menzel
Shelby Corcoran
86.5%
Harry Shum, Jr.
Mike Chang
85.4%
Kristin Chenoweth
April Rhodes
84%
Jessalyn Gilsig
Terri Schuester
78.6%
John Stamos
Carl Howell
77.4%
Olivia Newton-
John
Herself
76.6%
Josh Groban
Himself
75.8%
Dot-
Marie Jones
Shannon Beiste
73.3%
Charice
Sunshine Corazon
70.4%
Neil Patrick Harris
Bryan Ryan
64.7%
Romy Rosemont
Carole Hudson
62.2%
Carol Burnett
Doris Sylvester
42.2%
Quiz Playlist
Details
Report
Send in Message
Add To Playlist
Classic:
Type in answers that appear in a list
Last Updated: Feb 16, 2017
Quiz Scoreboard
CHALLENGE
Sign Up to Join the Scoreboard
Show All
Scores
Hide
Comments
May contain spoilers
Recently Published
Holiday 10x10 Sorting Gallery
by lukepisani3
Holiday
15m
Two Season TV Shows II
by 123Four
Television
10m
Image Sorting: Flags VI
by Barbecue
Geography
2m
More to Explore
Quiz From the Vault
Featured Blog Post
14 Easter Pick-up Lines to Find Eggs With
hide this ad
You Might Also Like...
Tags
Actor Quiz
Play Quiz
Character
Glee
Today's Top Quizzes in Television
Browse Television
hide this ad
Today's Top Quizzes in Actor
Browse Actor
Top Contributed Quizzes in Television
1
Survivor Journey Challenge
2
Even More Two Season TV Shows
3
Adjectives in 00s TV Shows
4
Brooklyn Nine Nine Logic Puzzle (How-To-Play)
5
Adjectives in 10s TV Shows
6
Click the SpongeBob Episodes (Season 3)
7
Even More Three Season TV Shows
8
Survivor Logic Puzzle: Heroes vs. Villains
9
Total Drama Characters
10
Survivor Heroes vs. Villains Logic Puzzle
Explore More
Trending Topics
NBA
Crossword
Kpop
Harry Potter
Marvel
Disney
Anime
Puzzle
Song
Country
NFL
The Office
Soccer
WWE
Pokémon
hide this ad
More By:
tpres77
Quiz
Plays
Rating
Category
Featured
Created
Glee actors and their characters
561
4.00
Television
Dec 2, 2010
Go to Creator's Profile
Score Distribution
Quiz Creator Spotlight
tpres77
Follow
Send a Message
Quizzes Created
-
Created Quiz Play Count
-
More By This Creator
Popular Quizzes Today
1
Find the US States - No Outlines Minefield
2
Colored Red Africa Blitz
3
Find the 'City' Movie
4
5x2 Blitz: Bands
5
The Countries of the World
6
Find the Countries of Europe - No Outlines Minefield
7
Find the US States
8
US States
More Television Quizzes
The Simpsons: Character Click
Published
Trending Quizzes
Colored Red Europe Blitz I
Colored Red Africa Blitz II
Colored Red Europe Blitz II
Even More Two Season TV Shows
Colored Red Africa Blitz III
Recently Updated
March Madness Men's Triple Doubles
pecheneg
How Do You Spell That?
pecheneg
Godzilla Movies
pecheneg
Grab Bag: 4-10 Letters
pecheneg
2024 March Madness Bracket
pecheneg
Famous TV Couples
Peacemaker
Champions League XIs: Real Madrid
pecheneg
Largest US Cities 1790-2010
pecheneg
Rides in Walt Disney World
pecheneg
Most Oscar Losses (Acting)
pecheneg
Trending Topics
Marvel
Anime
Harry Potter
Crossword
Kpop
NBA
Disney
Puzzle
Pokémon
Soccer
Song
Country
The Office
WWE
NFL
Your Account Isn't Verified!
In order to create a playlist on Sporcle, you need to verify the email address you used during registration. Go to your
Sporcle Settings
to finish the process.
Report this User
Report this user for behavior that violates our
Community Guidelines
.
Details:
Send Report
Go to the Sporcle.com Mobile Site →
Comments